00968nam a2200253Ia 4500001001100000003000800011006001900019007001500038008004100053040002100094035002100115050002300136100003400159245009100193260004200284300001000326533015200336650002600488650001400514655002900528710001700557856012500574999001500699ebr5000534CaPaEBRm u cr cn|||||||||010502s2001 ncu s 000 0 eng d aCaPaEBRcCaPaEBR a(OCoLC)45059096514aB1325b.B47 2001eb1 aBerkeley, George,d1685-1753.10aThree dialogues between Hylas and Philonoush[electronic resource] /cGeorge Berkeley. aRaleigh, NC :bAlex Catalogue,c2001. a80 p. aElectronic reproduction.bPalo Alto, Calif. :cebrary,d2010.nAvailable via World Wide Web.nAccess may be limited to ebrary affiliated libraries. 0aKnowledge, Theory of. 0aIdealism. 7aElectronic books.2local2 aebrary, Inc.40uhttp://site.ebrary.com/lib/rucke/Doc?id=5000534zAn electronic book accessible through the World Wide Web; click to view c2864d2864